| 000 | 01239cam a22003494i 4500 | ||
|---|---|---|---|
| 003 | PE-LiUPU | ||
| 005 | 20250731175630.0 | ||
| 008 | 150623s r 000 0 d | ||
| 035 | _a(Sirsi) a29395 | ||
| 035 | _a(Sirsi) a29395 | ||
| 040 |
_aPE-LiUPU _bspa _cPE-LiUPU _erda |
||
| 082 | 0 | 4 |
_a463.924 _bF74 _221 |
| 100 | 1 |
_aFohrer, Georg, _eautor. |
|
| 245 | 1 | 0 |
_aDiccionario del Hebreo y Arameo Biblico / _cGeorg Fohrer. |
| 264 | 1 | _a | |
| 300 | _a. | ||
| 336 |
_atext _2rdacontent |
||
| 337 |
_aunmediated _2rdamedia |
||
| 338 |
_avolume _2rdacarrier |
||
| 526 | _aP145 | ||
| 526 | _aP127 | ||
| 526 | _aP97 | ||
| 526 | _aP35 | ||
| 526 | _aP14 | ||
| 526 | _aP07 | ||
| 942 |
_2ddc _cBOOK |
||
| 949 |
_a463.924 F74 _wDEWEY _c1 _i29493 _lRC _mBUL _r0 _sY _tBOOK _u2015-6-24 _xBIBLIOTECA _zUNKNOWN _0COMPRA _o.CIRCNOTE. No olvidar cambiar la fecha de devolución!!!!!!! _o.STAFF. Colección General |
||
| 994 |
_aC0 _bPEPRU |
||
| 596 | _a1 | ||
| 999 |
_a463.924 F74 _wDEWEY _c36747 _i29493 _d36747 _e2016-6-12 _f2021-11-8 _g5 _lCCODEBUL1 _mBUL _n8 _r0 _sN _tBOOK _u2015-6-24 _xEDUCACION _zUNKNOWN _0COMPRA _o.CIRCNOTE. No olvidar cambiar la fecha de devolución!!!!!!! _o.STAFF. Colección General |
||
| 980 |
_81 _gALBERTO SANCHEZ Responsable de Automatización |
||